banner-ar

التخييل : (Record no. 62543)

MARC details
000 -الفاتح
حقل البيانات ثابتة الطول 00787nam a22002297a 4500
005 - وقت وتاريخ اخر تعامل مع التسجيلة
رقم الضبط 20240530110555.0
008 - عناصر البيانات ثابتة الطول - معلومات عامة
حقل البيانات ثابتة الطول 160809b2013 ua g 000 0 ara d
017 ## - رقم الايداع القانونى
رقم الايداع القانونى 2013 /1060
المصدر ( الهيئة المختصة) مصر . دار الكتب المصريه
020 ## - الرقم الدولى المعيارى للكتب
الرقم الدولى المعيارى للكتاب 9789770528488
040 ## - مصدر الفهرسة
وكالة الفهرسة الأصلية EG-CaGPL
082 04 - رقم تصنيف ديوى العشرى
رقم الطبعة 21
رقم التصنيف 153.3\
رقم المادة ن ت
100 0# - المدخل الرئيسى - إسم شخصى
الإسم الشخصى نيفين زيور .
245 12 - بيان العنوان
العنوان التخييل :
بقية العنوان دراسه فى التحليل النفسى /
بيان المسئوليه,etc نيفين زيور .
260 ## - PUBLICATION, DISTRIBUTION, ETC. (IMPRINT)
تاريخ النشر أو التوزيع 2013 .
300 ## - الوصف المادى
التعداد 156 ص ؛
أبعاد الوعاء 24سم .
650 04 - المدخل الاضافى بالموضوع-مصطلح موضوعى
مصطلح موضوعي التخييل .
650 04 - المدخل الاضافى بالموضوع-مصطلح موضوعى
مصطلح موضوعي التخيل .
650 04 - المدخل الاضافى بالموضوع-مصطلح موضوعى
مصطلح موضوعي علم نفس تربوى .
650 04 - المدخل الاضافى بالموضوع-مصطلح موضوعى
مصطلح موضوعي التخيل الابداعى .
942 ## - عناصر المدخل الإضافي( كوها)
مصدر التصنيف او مخطط الترفيف Dewey Decimal Classification
Koha [default] item type كتاب
260 ## - PUBLICATION, DISTRIBUTION, ETC. (IMPRINT)
-- مصر :
-- مكتبه الانجلو المصريه ،
Holdings
حالة التراجع حالة الفقد حالة تلف ليس للاعارة المكان المؤقت الموقع الحالى تاريخ الاكتساب اجمالي اﻻعارات رقم الطلب الباركود تاريخ اخر مشاهدة تاريخ تفعيل السعر نوع وعاء كوها
        مكتبة القاهرة الكبرى مكتبة القاهرة الكبرى 08/09/2016   153.3\ ن ت 162308 08/09/2016 08/09/2016 كتاب

Powered By

EGPV